9 największych miast w Iraku - Statystyki

Ogólne statystyki
  • Ten quiz został rozwiązany 78 razy
  • Średni wynik to 4 z 9
Statystyki odpowiedzi
Liczba mieszkańców Nazwa miasta % Poprawnych
6 150 000 Bagdad
100%
1 475 000 Mosul
69%
1 200 000 Basra
67%
1 025 000 Irbil
43%
975 000 Kirkuk
39%
675 000 Karbala
33%
675 000 An-Nadżaf
24%
525 000 An-Nasirijja
13%
725 000 As-Sulajmanijja
11%
Nie znaleziono quizów pasujących do podanych kryteriów
Rozkład punktacji
Procent ludzi z każdym wynikiem
Percentyl według liczby udzielonych odpowiedzi
Twoja historia wyników
Nie rozwiązałeś tego quizu